Biblioteca

La Biblia y el futuro (Registro nro. 64452)

Detalles MARC
000 -LÍDER
Campo fijo de descripción fija 01984nam a2200325 i 4500
001 - NÚMERO DE CONTROL
Campo de control 768714001
003 - IDENTIFICADOR DEL NÚMERO DE CONTROL
Campo de control CO-MdFUSB
005 - FECHA Y HORA DE LA ULTIMA TRANSACCIÓN
control field 20241204155156.0
008 - ELEMENTOS DE LONGITUD FIJA -- INFORMACIÓN GENERAL
Campo fijo de descripción fija -- Información general 180828t2008 xxu||||| |||| 00| 0 spa d
040 ## - FUENTE DE CATALOGACIÓN
Agencia de catalogación original CO-MdFUSB
Idioma de catalogación spa
Agencia que realiza la transcripción CO-MdFUSB
Agencia que realiza la modificación CO-MdFUSBC
Convenciones de la descripción rda
041 ## - CÓDIGO DE IDIOMA
Código de idioma para texto/pista de sonido o título separado spa
082 ## - NÚMERO DE CLASIFICACIÓN DECIMAL DEWEY
Número de la edición del Dewey 21
Número de clasificación 236
Clave de autor-Numero de item H693
100 1# - ASIENTO PRINCIPAL--NOMBRE PERSONAL
Nombre personal Hoekema, Anthony A.,
Fechas asociadas con el nombre 1913-
Término relacionador autor.
240 #4 - TITULO UNIFORME
Título uniforme <a href="The Bible and the Future.">The Bible and the Future.</a>
245 #3 - TÍTULO
Título del Material La Biblia y el futuro
Mención de responsabilidad, etc. / Anthony A. Hoekema ; traducido por Norberto E. Wolf
250 ## - MENCIÓN DE EDICIÓN
Mención de edición Primera edición
Resto de la mención de edición 1984.
264 #1 - PRODUCCIÓN, PUBLICACIÓN, DISTRIBUCIÓN, MANUFACTURA, Y COPYRIGHT
Lugar de producción, publicación, distribución, manufactura Grand Rapids, MI. :
Nombre del productor, publicador, distribuidor Libros Desafío,
Fecha de producción, publicación, distribución, manufactura, o copyright [1984]
264 #4 - PRODUCCIÓN, PUBLICACIÓN, DISTRIBUCIÓN, MANUFACTURA, Y COPYRIGHT
Fecha de producción, publicación, distribución, manufactura, o copyright ©2008
300 ## - DESCRIPCIÓN FÍSICA
Extensión 350 páginas.
Dimensiones ; 23 cm.
336 ## - TIPO DE CONTENIDO
Fuente rdacontent
Término de tipo de contenido texto
Código de tipo de contenido txt
337 ## - TIPO DE MEDIO
Fuente rdamedia
Nombre del tipo de medio sin mediación
Código del tipo de medio n
338 ## - TIPO DE SOPORTE
Fuente rdacarrier
Nombre del tipo de soporte volumen
Código Tipo de soporte nc
505 ## - NOTA DE CONTENIDO
Información miscelánea Primera parte:
Título Escatología inagurada.
Nota de contenido con formato preestablecido Capítulo 1: La Perspectiva Escatológica Del Antiguo Testamento -- Capitulo 2: El Carácter De La Escatología Neotestamentaría -- Capitulo 3: El Significado De La Historia -- Capitulo 4: El Reino De Dios -- Capitulo 5: El Espíritu Santo Y La Escatología --
505 ## - NOTA DE CONTENIDO
Información miscelánea Segunda parte:
Título Escatología futura..
Nota de contenido con formato preestablecido Capitulo 6: La Tensión Entre El Ya Y El Todavía No -- Capitulo 7: La Muerte Física -- Capitulo 8: La Inmortalidad -- Capitulo 9: El Estado Intermedio -- Capitulo 10: La Expectativa De La Segunda Venida -- Capitulo 11: Los Signos De Los Tiempos -- Capitulo 12: Los Signos En Particular -- Capitulo 13: El Carácter De La Segunda Venida -- Capitulo 14: Principales Puntos De Vista Respecto Al Milenio -- Capitulo 15: Un Análisis Crítico Del Premilenialismo Dispensacionalista -- Capítulo 16: El Milenio De Apocalipsis 20 -- Capitulo 17: La Resurrección Del Cuerpo -- Capitulo 18: El Juicio Final -- Capitulo 19: El Castigo Eterno -- Capitulo 20: La Nueva Tierra.
563 ## - NOTA DE ENCUADERNACIÓN
Nota de encuadernación Rústico.
650 #7 - ASIENTO SECUNDARIO DE MATERIA - TERMINO TEMÁTICO
Término temático o nombre geográfico como elemento de entrada Escatología
9 (RLIN) 213
700 ## - ASIENTO SECUNDARIO - NOMBRE PERSONAL
9 (RLIN) 1327
Nombre personal Wolf, Norberto E.
Responsabilidad traductor.
942 ## - TIPO DE MATERIAL (KOHA)
Tipo de Item KOHA Libros General
945 ## - INFORMACIÓN LOCAL DEL REGISTRO
Catalogador JTF-925
Existencias
Estado de Material Estado de Perdido Forma de Clasificación Estado de Dañado No para Préstamo Colección Biblioteca de Origen Biblioteca Permanente Fecha de Adquisición Forma de Adquisición Total de Préstamos Total de Renovaciones Signatura Topográfica Código de Barras Última vez visto Última vez Préstado Ejemplar/Existencia Fecha de Remplazo Tipo de Material
    Dewey Decimal Classification     Colección General Biblioteca FUSBC Biblioteca FUSBC 28/08/2018 Donación 10 11 G 236 H693b 5901 27/10/2023 21/03/2023 Ej. 1 28/08/2018 Libros de Reserva

Biblioteca FUSBC | Teléfono: (57+4) 349 88 10 Ext. 141| WhatsApp (+57) 3005338115 
E-mail: biblioteca@unisbc.edu.co | Calle 76 87-14 Robledo Palenque, Medellín, Colombia

Con tecnología Koha